Statistics for Super Mario Land 2: 6 Golden Coins Enemies

Click here to take the quiz!

General Stats

  • This quiz has been taken 13 times
  • The average score is 25 of 69

Answer Stats

First appearanceAnswer% Correct
Mushroom ZoneGoomba
100%
Mushroom ZoneKoopa Troopa
100%
The ExitAntotto
75%
HoneybeesBee
75%
The ExitB Fly
75%
The Ant MonstersChikunto
75%
The Ant MonstersDokanto
75%
The Ant MonstersGoronto
75%
Mario the Circus Star!Bear
50%
Pumpkin Zone Level 2Bēro
50%
HippoBlurp
50%
Space Zone Level 1Bomubomu
50%
Invincibility!Bopping Toady
50%
Kōmori Kan CourseFalling spike
50%
Pumpkin Zone Level 2F Boy
50%
Mario's castleFire Pakkun Zō
50%
Kōmori Kan CourseJ-son
50%
Kōmori Kan CourseKurokyura
50%
Pumpkin Zone Level 2Kyororo
50%
Kōmori Kan CourseMinikyura
50%
In the TreesMōgyo
50%
Fiery BlocksNeijī
50%
Space Zone Level 1No.48
50%
In the TreesNoko Bombette
50%
Mushroom ZonePara-Goomba
50%
Mushroom ZonePiranha Plant
50%
Star stageStars
50%
The ExitVenus Fire Trap
50%
Kujira CourseAqua Kuribō
25%
The ExitBattle Beetle
25%
HoneybeesBūichi
25%
Beware: Jagged SpikesBullet Bill
25%
Space Zone Level 1Cannonball
25%
In the Syrup SeaCheep Cheep
25%
Final Boss: The Big BirdDondon
25%
Mario's castleFloating Face
25%
Mario's castleFuriko
25%
Mario's castleFurizō
25%
Mario's castleGenkottsu
25%
HoneybeesGrubby
25%
Fiery Mario-Special AgentHonebōn
25%
Beware: Jagged SpikesJack-in-the-Box
25%
Pumpkin Zone Level 2Karakara
25%
Mario's castleKaramenbō
25%
Invincibility!Kyotonbo
25%
Majo no le CoursePikku
25%
Space Zone Level 1Poro
25%
Invincibility!Ragumo
25%
Majo no le CourseRerere
25%
Pukupuku CourseShark
25%
HoneybeesSkeleton Bee
25%
Invincibility!Spikey
25%
Pukupuku CourseSpiny Cheep-Cheep
25%
HoneybeesTamara
25%
Fiery BlocksTatenoko
25%
Pumpkin Zone Level 3Terekuribō
25%
HippoToriuo
25%
Star stageTōsenbo
25%
Beware: Jagged SpikesTurtle Cannon
25%
HoneybeesUnera
25%
HippoUnibō
25%
Kōmori Kan CourseBoo
0%
The Ant MonstersBoulder
0%
Final Bosses: Three Mean PigsGuruguri
0%
Final Boss: One Mighty Mouse!Keipu
0%
Beware: Jagged SpikesKiddokatto
0%
Kōmori Kan CourseTōsanbōru
0%
Final Bosses: Three Mean PigsWakiri
0%
Fiery BlocksYashichi
0%

Score Distribution

Percentile by Number Answered

Percent of People with Each Score

Your Score History

You have not taken this quiz